000 01458nam a2200301 i 4500
003 DO-SdBNP
005 20240306073903.0
007 ta
008 091125s2001 dr a 000 0 spa d
020 _a8482614231
040 _aDO-SdBNP
_bspa
_cBNPHU
_erda
082 _a372.632
_bO78
_222
100 1 _aIncháustegui, María Isabel
_929568
245 1 0 _aOrtografía 2 :
_beducación básica /
_cMaría Isabel Incháustegui ; dirección editorial Obdulia García de Escobar ; ilustración Ruddy Núñez.
264 1 _aSanto Domingo ;
_bSantillana,
_c2001.
300 _a39 páginas
_bilustraciones
_c28 cm.
336 _2rdacontent
_atexto
_btxt
337 _2rdamedia
_asin mediación
_bn
338 _2rdacarrier
_avolumen
_bnc
490 1 _aUmbral
500 _aEducación básica.
505 0 _gunidad 1 --
_tEn el circo --
_gunidad 2 --
_tConcurso de cuentos --
_gunidad 3 --
_tTiempo para pasear --
_gunidad 4 --
_tCiclistas en acción --
_gunidad 5 --
_tA escribir --
_gunidad 6 --
_tA practicar deportes --
_gunidad 7 --
_tCuidemos lo nuestro --
_gunidad 8 --
_tPreparativos de viaje --
_gunidad 9 --
_tNuestra familia --
_gunidad 10 --
_tMe interesa tu opinión --
_gunidad 11 --
_tFuente de vida --
_gunidad 12 --
_tNuestra calle --
_gunidad 13 --
_tSigamos instrucciones /
590 _aInventariado, 2024/ YL
700 1 _aGarcía Escobar, Obdulia de
_edirección
_929220
700 1 _aNúñez, Ruddy
_eilustración
_923171
910 _aYLockward
942 _2ddc
_cLF2
999 _c55825
_d55825